| 000 | 00899nam a2200169Ia 4500 | ||
|---|---|---|---|
| 008 | 090711s9999 xx 000 0 und d | ||
| 082 | _b13958 | ||
| 100 | _aबापट नागेश वि. | ||
| 245 | _aश्रीमंत बाजीराव बल्लाळ उर्फ( पहिले बाजीराव साहेब पेशव)े | ||
| 260 |
_bनिर्णयसागर प्रकाशन _c1929 |
||
| 300 | _a162 | ||
| 600 | _aबापट नागेश वि. | ||
| 630 | _aश्रीमंत बाजीराव बल्लाळ उर्फ( पहिले बाजीराव साहेब पेशव)े | ||
| 700 | _aबापट नागेश वि. | ||
| 730 | _aश्रीमंत बाजीराव बल्लाळ उर्फ( पहिले बाजीराव साहेब पेशव)े | ||
| 942 | _cBOOK | ||
| 999 |
_c319802 _d319802 |
||